| 000 | 01419nam2a2200265 4500 | ||
|---|---|---|---|
| 001 | RU\NLR\BIBL_A\010901498 | ||
| 005 | 20250624200353.0 | ||
| 010 | _a978-5-88070-331-9 | ||
| 035 | _a(NLR Aleph) 010901498 | ||
| 090 |
_a10594541 _c10594541 |
||
| 100 | _a20151117d2013 |||y0rusy50 ca | ||
| 101 | 0 | _arus | |
| 102 | _aRU | ||
| 105 | _aa z 000yy | ||
| 200 | 1 |
_aНелинейная многомерная обработка сигналов спутниковых радионавигационных систем в комплексах самолетовождения _fА.В. Иванов |
|
| 215 |
_a175 с. _cил. |
||
| 327 | 1 | _aБиблиогр.: с. 171-173 | |
| 461 | 0 |
_1001RU\NLR\BIBL_A\010981083 _12001#$aОбработка многомерных сигналов$e[в 2 кн.]$vКн. 2 _910872687 _cМосква _d2013 _nРадиотехника _o[в 2 кн.] _tОбработка многомерных сигналов _vКн. 2 |
|
| 606 | 1 |
_aАэрорадионавигационные системы спутниковые _xОбработка сигналов _92270530 _3RU\NLR\AUTH\6601589957 |
|
| 686 | 1 | _aО571.5-53 | |
| 701 | 1 |
_7ca _8rus _aИванов _bА. В. _cд-р техн. наук, радиотехника _gАлександр Васильевич _9154560 _3RU\NLR\AUTH\770154598 |
|
| 942 | _cBOOK | ||
| 980 | _aNB | ||